[Event "GER-ch Net blitz qual2"]
[Site "Playchess.com INT"]
[Date "2021.05.04"]
[Round "7"]
[White "Eilenberg, Jonas"]
[Black "Faysal, Wasim"]
[Result "1-0"]
[WhiteElo "2090"]
[BlackElo "1739"]
[PlyCount "59"]
[EventDate "2021.05.04"]
[EventType "swiss (blitz)"]
[EventRounds "11"]
[EventCountry "GER"]
[SourceTitle "CBM 202 Extra"]
[Source "ChessBase"]
[SourceDate "2021.07.31"]
[SourceVersion "1"]
[SourceVersionDate "2021.07.31"]
[SourceQuality "1"]

1. d4 d5 2. c4 Nf6 3. cxd5 Nxd5 4. e4 Nf6 5. Nc3 g6 6. Nf3 c6 7. Bd3 Bg7 8. 0-0 0-0 9. Re1 Bg4 10. Be3 Nbd7 11. h3 Bxf3 12. Qxf3 e5 13. d5 cxd5 14. exd5 Re8 15. Bg5 h6 16. Bh4 g5 17. Bg3 Nc5 18. Bc2 e4 19. Nxe4 Nfxe4 20. Bxe4 Nxe4 21. Rxe4 Bxb2 22. Rae1 Rxe4 23. Qxe4 Bf6 24. d6 Qd7 25. Kh2 Kg7 26. Rc1 Rd8 27. Rc7 Qb5 28. Rxb7 Qa6 29. Qd5 Qc6 30. Qxf7+ 1-0

[Event "GER-ch Net blitz qual2"]
[Site "Playchess.com INT"]
[Date "2021.05.04"]
[Round "4"]
[White "Faysal, Wasim"]
[Black "Majcan, Tom"]
[Result "1-0"]
[WhiteElo "1739"]
[BlackElo "1620"]
[PlyCount "29"]
[EventDate "2021.05.04"]
[EventType "swiss (blitz)"]
[EventRounds "11"]
[EventCountry "GER"]
[SourceTitle "CBM 202 Extra"]
[Source "ChessBase"]
[SourceDate "2021.07.31"]
[SourceVersion "1"]
[SourceVersionDate "2021.07.31"]
[SourceQuality "1"]

1. e4 c5 2. d4 cxd4 3. Nf3 e6 4. Nxd4 a6 5. Nc3 d6 6. a3 Nd7 7. Bc4 h6 8. 0-0 g5 9. Qh5 Ne5 10. Bxe6 Bxe6 11. Nxe6 Qe7 12. Nxf8 Qxf8 13. Nd5 Qe7 14. Nxe7 Nxe7 15. f4 1-0

[Event "GER-ch Net blitz qual2"]
[Site "Playchess.com INT"]
[Date "2021.05.04"]
[Round "9"]
[White "Faysal, Wasim"]
[Black "Tiarks, Jann Christian"]
[Result "0-1"]
[WhiteElo "1739"]
[BlackElo "2157"]
[PlyCount "70"]
[EventDate "2021.05.04"]
[EventType "swiss (blitz)"]
[EventRounds "11"]
[EventCountry "GER"]
[SourceTitle "CBM 202 Extra"]
[Source "ChessBase"]
[SourceDate "2021.07.31"]
[SourceVersion "1"]
[SourceVersionDate "2021.07.31"]
[SourceQuality "1"]

1. e4 c5 2. d4 cxd4 3. Nf3 d6 4. c3 Nf6 5. cxd4 Nxe4 6. Bc4 d5 7. Bb3 Nc6 8. 0-0 Bg4 9. Nc3 e6 10. Be3 Be7 11. h3 Bh5 12. Rc1 0-0 13. Nb5 a6 14. Nc3 Rc8 15. Re1 Na5 16. a3 Qb6 17. Bc2 Nxc3 18. bxc3 Bg6 19. Bxg6 hxg6 20. Ne5 Bxa3 21. Rb1 Qc7 22. Qg4 Nc6 23. Nxg6 fxg6 24. Qxe6+ Qf7 25. Qxf7+ Rxf7 26. Rb3 Bd6 27. Reb1 Na5 28. Rb6 Nc4 29. Rxb7 Rxb7 30. Rxb7 Rb8 31. Rxb8+ Bxb8 32. Bg5 Ba7 33. Bd8 a5 34. Bxa5 Nxa5 35. c4 Nxc4 0-1

[Event "GER-ch Net blitz qual2"]
[Site "Playchess.com INT"]
[Date "2021.05.04"]
[Round "10"]
[White "Schell, Peter"]
[Black "Faysal, Wasim"]
[Result "1-0"]
[WhiteElo "1620"]
[BlackElo "1739"]
[PlyCount "73"]
[EventDate "2021.05.04"]
[EventType "swiss (blitz)"]
[EventRounds "11"]
[EventCountry "GER"]
[SourceTitle "CBM 202 Extra"]
[Source "ChessBase"]
[SourceDate "2021.07.31"]
[SourceVersion "1"]
[SourceVersionDate "2021.07.31"]
[SourceQuality "1"]

1. e4 c5 2. d4 cxd4 3. c3 dxc3 4. Nxc3 Nc6 5. Bc4 g6 6. Nf3 Bg7 7. 0-0 e6 8. Bg5 Nge7 9. Qe2 0-0 10. Rfd1 Qe8 11. Nb5 Qd8 12. Nd6 Na5 13. Bd3 Re8 14. Rac1 Nac6 15. Nxe8 Qxe8 16. Bb5 a6 17. Ba4 b5 18. Bb3 Bb7 19. Qd2 Rd8 20. Qd6 Bf8 21. Qc7 Ba8 22. Rd2 Rc8 23. Qxd7 Na5 24. Rxc8 Qxc8 25. Bxe7 Qxd7 26. Rxd7 Bxe7 27. Rxe7 Bxe4 28. Nd2 Bf5 29. Ra7 Nxb3 30. axb3 Kg7 31. Rxa6 Kf6 32. f3 Bc2 33. Kf2 Bd3 34. Ke3 Bf5 35. Ne4+ Bxe4 36. fxe4 h5 37. Rb6 1-0

[Event "Hessen-chB"]
[Site "Frankfurt"]
[Date "2018.05.11"]
[Round "4"]
[White "Krist, Stephan"]
[Black "Faysal, Wasim"]
[Result "0-1"]
[WhiteElo "1620"]
[BlackElo "1703"]
[PlyCount "66"]
[EventDate "2018.05.10"]
[EventType "swiss"]
[EventRounds "7"]
[EventCountry "GER"]
[SourceTitle "EXT 2019"]
[Source "ChessBase"]
[SourceDate "2018.10.10"]
[SourceVersion "1"]
[SourceVersionDate "2018.10.10"]
[SourceQuality "1"]

1. e4 c5 2. Nf3 Nc6 3. d4 cxd4 4. Nxd4 g6 5. Bc4 Bg7 6. Be3 Nf6 7. Nc3 0-0 8. 0-0 Ne5 9. Be2 d6 10. a4 Neg4 11. Qd3 Nxe3 12. Qxe3 Ng4 13. Bxg4 Bxg4 14. Ndb5 a6 15. Na3 Rc8 16. f4 Qa5 17. f5 Bxc3 18. bxc3 Rxc3 19. Qd4 gxf5 20. h3 e5 21. Qxd6 Rd8 22. Qe7 Qb6+ 23. Kh1 Bxh3 24. Qg5+ Kf8 25. gxh3 Rxh3+ 26. Kg2 Rh6 27. Qxf5 Rd2+ 28. Rf2 Rxf2+ 29. Qxf2 Rh2+ 30. Kxh2 Qxf2+ 31. Kh3 Qf3+ 32. Kh2 Qxe4 33. Rb1 Qxa4 0-1

[Event "Hessen-chB"]
[Site "Frankfurt"]
[Date "2018.05.10"]
[Round "2"]
[White "Wilke, Tabea"]
[Black "Faysal, Wasim"]
[Result "1-0"]
[WhiteElo "1773"]
[BlackElo "1703"]
[PlyCount "49"]
[EventDate "2018.05.10"]
[EventType "swiss"]
[EventRounds "7"]
[EventCountry "GER"]
[SourceTitle "EXT 2019"]
[Source "ChessBase"]
[SourceDate "2018.10.10"]
[SourceVersion "1"]
[SourceVersionDate "2018.10.10"]
[SourceQuality "1"]

1. e4 c5 2. Nc3 Nc6 3. Bb5 g6 4. f4 Bg7 5. Bxc6 bxc6 6. Nf3 d6 7. 0-0 e6 8. Qe1 Ne7 9. d3 0-0 10. Qh4 f5 11. e5 Nd5 12. Qh3 Nb4 13. Rf2 Nd5 14. Ne2 Qc7 15. d4 cxd4 16. Nexd4 Re8 17. Re2 h6 18. Qg3 dxe5 19. Nxe5 Bxe5 20. Qxg6+ Kf8 21. fxe5 Ba6 22. Bxh6+ Ke7 23. Qxe6+ Kd8 24. Bg5+ Re7 25. Nxc6+ 1-0

[Event "Karl Mala Memorial op-A 17th"]
[Site "Frankfurt"]
[Date "2014.08.03"]
[Round "6"]
[White "Kunkel, Wolfgang"]
[Black "Faysal, Wasim"]
[Result "1-0"]
[WhiteElo "1738"]
[BlackElo "1740"]
[PlyCount "53"]
[EventDate "2014.07.31"]
[EventType "swiss"]
[EventRounds "7"]
[EventCountry "GER"]
[SourceTitle "EXT 2015"]
[Source "ChessBase"]
[SourceDate "2014.11.20"]
[SourceVersion "1"]
[SourceVersionDate "2014.11.20"]
[SourceQuality "1"]

1. f4 e5 2. e4 Nc6 3. Nf3 d6 4. c3 Bg4 5. Bc4 Nf6 6. d3 Be7 7. 0-0 0-0 8. h3 Be6 9. Bb3 exf4 10. Bxf4 d5 11. e5 Nd7 12. d4 Na5 13. Bc2 c5 14. Nbd2 cxd4 15. Nxd4 h6 16. Nxe6 fxe6 17. Qg4 Qb6+ 18. Kh2 Rxf4 19. Qg6 Nf8 20. Qh5 Bg5 21. Nf3 Qd8 22. g3 Rf7 23. Nxg5 Rxf1 24. Rxf1 Qxg5 25. Qf7+ Kh8 26. h4 Qxe5 27. Qxf8+ 1-0

[Event "Hessen-ch Gr-D 65th"]
[Site "Gladenbach"]
[Date "2011.04.22"]
[Round "1"]
[White "Struth, Juergen"]
[Black "Faysal, Wasim"]
[Result "1-0"]
[WhiteElo "1653"]
[BlackElo "1695"]
[PlyCount "59"]
[EventDate "2011.04.22"]
[EventType "swiss"]
[EventRounds "5"]
[EventCountry "GER"]
[SourceTitle "CBM 142 Extra"]
[Source "ChessBase"]
[SourceDate "2011.06.27"]
[SourceVersion "1"]
[SourceVersionDate "2011.06.27"]
[SourceQuality "1"]

1. e4 c5 2. d4 cxd4 3. c3 dxc3 4. Nxc3 Nc6 5. Nf3 g6 6. Bc4 Bg7 7. Qe2 Nf6 8. h3 d6 9. 0-0 0-0 10. Rd1 Qa5 11. Bf4 Nh5 12. Bd2 Qb6 13. Be3 Qc7 14. Rac1 Nf6 15. Nd5 Qd8 16. Nxf6+ Bxf6 17. Bf4 Qa5 18. a3 Qh5 19. Be3 Na5 20. Rd5 e5 21. Rxa5 Be6 22. Bd5 Rac8 23. Bxb7 Rxc1+ 24. Bxc1 Rd8 25. Rxa7 d5 26. exd5 Bxd5 27. Bxd5 Rxd5 28. Ra4 Bg7 29. Kh2 Qf5 30. Ra8+ 1-0

[Event "Rhein Main op 12th"]
[Site "Bad Homburg"]
[Date "2009.06.14"]
[Round "7"]
[White "Kuegler, Michael"]
[Black "Faysal, Wasim"]
[Result "1/2-1/2"]
[WhiteElo "1710"]
[BlackElo "1219"]
[PlyCount "96"]
[EventDate "2009.06.10"]
[EventType "swiss"]
[EventRounds "7"]
[EventCountry "GER"]
[SourceTitle "CBM 131 Extra"]
[Source "ChessBase"]
[SourceDate "2009.09.03"]
[SourceVersion "2"]
[SourceVersionDate "2009.09.16"]
[SourceQuality "1"]

1. e4 e5 2. Nf3 Nc6 3. Bb5 a6 4. Bxc6 dxc6 5. 0-0 Bd6 6. d4 Bg4 7. c3 Nf6 8. Re1 0-0 9. Bg5 h6 10. Bh4 g5 11. Bg3 Re8 12. Qd3 Nh5 13. Nbd2 Nf4 14. Bxf4 gxf4 15. Nc4 Bxf3 16. Qxf3 Qg5 17. Rad1 Rad8 18. dxe5 Bxe5 19. Nxe5 Rxd1 20. Qxd1 Rxe5 21. f3 Re6 22. Re2 Qe7 23. Rd2 Qc5+ 24. Kh1 Qe3 25. Re2 Rd6 26. Qc2 Qb6 27. h3 Qc5 28. b3 Qg5 29. e5 Rg6 30. Qd2 Re6 31. Qd4 Kg7 32. Re4 Kh7 33. Rxf4 Rg6 34. Rg4 Qc1+ 35. Kh2 Rxg4 36. hxg4 Qg5 37. Qe4+ Kg7 38. Kg3 Qd2 39. Qd4 Qe1+ 40. Kf4 Qc1+ 41. Qe3 Qb2 42. Qd4 Qc1+ 43. Qe3 Qb2 44. e6 fxe6 45. Qxe6 Qxa2 46. Qe7+ Kg6 47. Qe4+ Kf6 48. Qf5+ Kg7 1/2-1/2

[Event "Rhein Main op 12th"]
[Site "Bad Homburg"]
[Date "2009.06.13"]
[Round "6"]
[White "Faysal, Wasim"]
[Black "Rondio, Thomas"]
[Result "0-1"]
[WhiteElo "1219"]
[BlackElo "1824"]
[PlyCount "100"]
[EventDate "2009.06.10"]
[EventType "swiss"]
[EventRounds "7"]
[EventCountry "GER"]
[SourceTitle "CBM 131 Extra"]
[Source "ChessBase"]
[SourceDate "2009.09.03"]
[SourceVersion "2"]
[SourceVersionDate "2009.09.16"]
[SourceQuality "1"]

1. e4 e5 2. Nf3 Nc6 3. Bc4 Nf6 4. d3 Be7 5. c3 0-0 6. Bb3 d5 7. exd5 Nxd5 8. Nbd2 Nf4 9. 0-0 Nxd3 10. Ba4 Bd7 11. Qe2 Nxc1 12. Raxc1 f6 13. Rfd1 a6 14. Bxc6 Bxc6 15. Ne4 Qe8 16. Ng3 Rd8 17. Rxd8 Qxd8 18. Rd1 Qc8 19. Nh4 Qe6 20. Nhf5 g6 21. Nd4 Qd5 22. Nxc6 Qxc6 23. Qg4 f5 24. Qe2 e4 25. Kf1 Bd6 26. Rd4 Bxg3 27. hxg3 Qb5 28. c4 Qe5 29. Rd5 Qe7 30. c5 Qe6 31. Qd2 Re8 32. Rd8 Kf7 33. b3 Rxd8 34. Qxd8 Qe5 35. Qd7+ Kg8 36. Qc8+ Kg7 37. Qd7+ Kh6 38. Qd2+ g5 39. Qc1 Qd4 40. Ke2 Qd3+ 41. Ke1 Kg6 42. Qd2 Qxd2+ 43. Kxd2 Kf6 44. Ke3 Ke5 45. b4 h5 46. f4+ exf3 47. gxf3 f4+ 48. gxf4+ gxf4+ 49. Kf2 Kd4 50. Kg2 Ke3 0-1

[Event "Rhein Main op 12th"]
[Site "Bad Homburg"]
[Date "2009.06.11"]
[Round "2"]
[White "Faysal, Wasim"]
[Black "Ploetz, Hans Juergen"]
[Result "1-0"]
[WhiteElo "1219"]
[BlackElo "1642"]
[PlyCount "117"]
[EventDate "2009.06.10"]
[EventType "swiss"]
[EventRounds "7"]
[EventCountry "GER"]
[SourceTitle "CBM 131 Extra"]
[Source "ChessBase"]
[SourceDate "2009.09.03"]
[SourceVersion "2"]
[SourceVersionDate "2009.09.16"]
[SourceQuality "1"]

1. e4 d6 2. d4 Nf6 3. Nc3 c6 4. Bg5 Nbd7 5. Nf3 Qa5 6. Bd3 e5 7. dxe5 dxe5 8. 0-0 Be7 9. a3 0-0 10. Re1 Qb6 11. Rb1 Qc7 12. Qd2 b5 13. Ne2 Bb7 14. Ng3 a6 15. Nf5 Rfe8 16. Qc3 Bf8 17. Rbd1 Rac8 18. Qd2 c5 19. c4 h6 20. Bxf6 Nxf6 21. cxb5 axb5 22. Qc3 c4 23. Rc1 Qb8 24. Bb1 Ba8 25. Qc2 Qb6 26. Ng3 Rc7 27. b4 Ra7 28. Qc3 Qc7 29. Bd3 Nd7 30. Red1 f6 31. Bb1 Nb6 32. Bc2 Na4 33. Bxa4 Rxa4 34. Nh4 Bc6 35. Ng6 Bd6 36. Nf5 Bf8 37. Nxf8 Bxe4 38. Rd7 Qb8 39. Nd6 Bd3 40. Ng6 Re6 41. Nf7 Qb6 42. Rd8+ Kh7 43. Nf8+ Kg8 44. Nxh6+ gxh6 45. Nxe6+ Kf7 46. Rxd3 cxd3 47. Qc7+ Qxc7 48. Nxc7 d2 49. Rd1 Rxa3 50. Nxb5 Rb3 51. Kf1 Rxb4 52. Nc3 Rc4 53. Nb1 Rc1 54. Ke2 Rc4 55. Nxd2 Rh4 56. Nf3 Rh5 57. Ke3 f5 58. Nxe5+ Ke6 59. Nf3 1-0

[Event "Rhein Main op 12th"]
[Site "Bad Homburg"]
[Date "2009.06.10"]
[Round "1"]
[White "Roessner, Uwe"]
[Black "Faysal, Wasim"]
[Result "1-0"]
[WhiteElo "1948"]
[BlackElo "1219"]
[PlyCount "77"]
[EventDate "2009.06.10"]
[EventType "swiss"]
[EventRounds "7"]
[EventCountry "GER"]
[SourceTitle "CBM 131 Extra"]
[Source "ChessBase"]
[SourceDate "2009.09.03"]
[SourceVersion "2"]
[SourceVersionDate "2009.09.16"]
[SourceQuality "1"]

1. g3 d5 2. Bg2 Bf5 3. Nf3 e6 4. 0-0 Nf6 5. d3 c5 6. c4 Be7 7. Nbd2 0-0 8. a3 Nc6 9. b3 h6 10. Bb2 Qc7 11. cxd5 exd5 12. Rc1 Qb6 13. Ne5 Nxe5 14. Bxe5 Rad8 15. Rc2 Ng4 16. Bb2 Bg5 17. Qa1 Bxd2 18. Rxd2 d4 19. Rc1 Rd7 20. Rdc2 Be6 21. b4 cxb4 22. axb4 Bb3 23. Rc5 Qf6 24. Bf3 Ne5 25. Be4 b6 26. Rc7 Ng4 27. Bf3 Ne5 28. Rxd7 Nxf3+ 29. exf3 Qxf3 30. Bxd4 Be6 31. Qxa7 Bh3 32. Qb7 Qxd3 33. Bxg7 Qa3 34. Ra1 Re8 35. Re7 Rd8 36. Qe4 Qxa1+ 37. Bxa1 Rd1+ 38. Qe1 Rxe1+ 39. Rxe1 1-0

[Event "Hessen-ch Gr-F"]
[Site "Idstein"]
[Date "2009.04.11"]
[Round "3"]
[White "Faysal, Wasim"]
[Black "Thome, Patrick"]
[Result "1-0"]
[WhiteElo "1192"]
[BlackElo "928"]
[PlyCount "60"]
[EventDate "2009.04.10"]
[EventType "swiss"]
[EventRounds "5"]
[EventCountry "GER"]
[SourceTitle "EXT 2010"]
[Source "ChessBase"]
[SourceDate "2010.11.25"]
[SourceVersion "1"]
[SourceVersionDate "2010.11.25"]
[SourceQuality "1"]

1. e4 e5 2. Nf3 Nc6 3. Bc4 d6 4. h3 g6 5. d3 h6 6. 0-0 Bg7 7. Nc3 Nf6 8. Be3 0-0 9. Qd2 Kh7 10. a3 Be6 11. Nd5 Bxd5 12. Bxd5 Qd7 13. Bb3 d5 14. exd5 Nxd5 15. Bc5 Rfe8 16. Rad1 b6 17. Be3 Nxe3 18. Qxe3 f5 19. Rfe1 Re7 20. Ba4 Qd6 21. Nh4 Nd4 22. c3 Ne6 23. Qg3 Nf4 24. d4 e4 25. c4 Nd3 26. Qxd6 cxd6 27. Rxd3 Rf7 28. Rg3 g5 29. Nxf5 Rxf5 30. Rxe4 d5 1-0

[Event "Rhein Main op 11th"]
[Site "Bad Homburg"]
[Date "2008.05.24"]
[Round "5"]
[White "Faysal, Wasim"]
[Black "Spinnler, Wolfgang"]
[Result "0-1"]
[WhiteElo "969"]
[BlackElo "1788"]
[PlyCount "56"]
[EventDate "2008.05.21"]
[EventType "swiss"]
[EventRounds "7"]
[EventCountry "GER"]
[SourceTitle "CBM 124 Extra"]
[Source "ChessBase"]
[SourceDate "2008.07.03"]
[SourceVersion "1"]
[SourceVersionDate "2008.07.03"]
[SourceQuality "1"]

1. e4 d5 2. exd5 Qxd5 3. d4 Nf6 4. Nf3 a6 5. c4 Qd8 6. Nc3 Bg4 7. Be2 e6 8. 0-0 Be7 9. h3 Bxf3 10. Bxf3 c6 11. Qb3 Qc7 12. d5 0-0 13. dxe6 fxe6 14. Be3 Nbd7 15. Rfe1 Kh8 16. Re2 Ne5 17. Be4 Nxe4 18. Nxe4 Ng6 19. Bc5 Rfe8 20. Bxe7 Rxe7 21. Rae1 b6 22. Ng5 e5 23. Qg3 Rae8 24. Qg4 Qd6 25. Qh5 h6 26. Rxe5 Nxe5 27. Rxe5 Qxe5 28. Nf7+ Rxf7 0-1

[Event "Giessen-ch"]
[Site "Giessen"]
[Date "2008.02.01"]
[Round "1"]
[White "Faysal, Wasim"]
[Black "Schmieja, Norbert"]
[Result "0-1"]
[WhiteElo "844"]
[BlackElo "1760"]
[PlyCount "30"]
[EventDate "2008.02.01"]
[EventType "swiss"]
[EventRounds "7"]
[EventCountry "GER"]
[SourceTitle "EXT 2010"]
[Source "ChessBase"]
[SourceDate "2010.11.25"]
[SourceVersion "1"]
[SourceVersionDate "2010.11.25"]
[SourceQuality "1"]

1. e4 c5 2. Nc3 Nc6 3. Bc4 Nf6 4. Nf3 d6 5. d3 e6 6. 0-0 a6 7. a4 Be7 8. Be3 d5 9. exd5 exd5 10. Ba2 d4 11. Ng5 0-0 12. Ne2 dxe3 13. fxe3 Bg4 14. Nf3 Nd5 15. e4 Ne3 0-1